000 00395nam a22001697a 4500
005 20180802152610.0
008 160622b xxu||||| |||| 00| 0 eng d
020 _a81-7446-448-4
041 _aeng
082 _b9227
_a658.3
100 _aRao, V.S.P.
_94698
245 _aHuman Resource Management
260 _bExcel book
_c2008
300 _a675p,
650 _aManagement
_9241
942 _cBK
999 _c3572
_d3571